| 000 | 00560nam a22001577a 4500 | ||
|---|---|---|---|
| 003 | NUST | ||
| 082 | _a621 | ||
| 100 |
_aAsif , Muhammad _919837 |
||
| 245 |
_aMixing enhancement in microchannel by changing parameters of thermal waves using TVEC effect / _cMuhammad Asif |
||
| 264 |
_aIslamabad: _bSMME- NUST. _c2021. |
||
| 300 |
_a90p. ; _bSoft Copy, _c30cm. |
||
| 650 |
_aMS Mechanical Engineering _9119495 |
||
| 700 |
_aSupervisor : Dr. Niaz Bahadur Khan _9122293 |
||
| 856 | _uhttp://10.250.8.41:8080/xmlui/handle/123456789/25241 | ||
| 942 |
_2ddc _cTHE |
||
| 999 |
_c608857 _d608857 |
||